| 000 | 00532nam a2200193 u 4500 | ||
|---|---|---|---|
| 005 | 20220905063510.0 | ||
| 008 | 100420s2008 ag r 000 0 spa d | ||
| 020 | _a978950010549 | ||
| 035 | _aUPN01000175429 | ||
| 049 | _aCG | ||
| 050 | 4 |
_aPQ7798.425 T3.7 _bM5.4 |
|
| 100 | 1 |
_aOtero, Rodolfo, _d1949- _931998 |
|
| 245 | 1 | 0 |
_aMilla Loncó / _cRodolfo Otero. |
| 260 |
_aBuenos Aires : _bEstrada, _c2008. |
||
| 300 |
_a263 p. : _bil. |
||
| 440 | 0 |
_aAzulejos ; _v10 |
|
| 650 | 0 |
_aLiteratura juvenil argentina _912413 |
|
| 905 | _aLibro | ||
| 999 |
_c147533 _d147533 |
||